London Underground lines - Statistics

General Stats
  • This quiz has been taken 1,090 times
  • The average score is 9 of 11
Answer Stats
Line % Correct
Circle
91%
Northern
90%
Bakerloo
89%
Central
89%
Piccadilly
87%
Jubilee
85%
Victoria
85%
District
83%
Hammersmith & City
79%
Metropolitan
72%
Waterloo & City
71%
No matching quizzes found
Score Distribution
Percent of People with Each Score
Percentile by Number Answered
Your Score History
You have not taken this quiz